| 000 | 01149 a2200241 4500 | ||
|---|---|---|---|
| 001 | 45968 | ||
| 005 | 20260407155733.0 | ||
| 008 | 260407a1996 arg spa d | ||
| 003 | AR-UNSa-BCEJYS | ||
| 040 |
_aAR-UNSa-BCEJYS _bspa _cAR-UNSa-BCEJYS |
||
| 080 |
_a332.1 _xEconomía regional. Economía territorial |
||
| 245 | 1 | 0 | _aLas economías regionales en la Argentina |
| 020 | _a950-694-459-8 | ||
| 264 | 1 |
_aBuenos Aires : _bGrupo Editor Latinoamericano _c1996 |
|
| 300 |
_a184 p. _c23 cm. |
||
| 505 | _a1. Economía regional. Temas relevantes y problemas – 2. Rendimientos decrecientes vs. Rendimientos crecientes. El desarrollo regional a través de la localización de industrias particulares – 3. De la infraestructura al desarrollo regional a través de la localización industrial – 4. Convergencia regional – 5. Resumen y conclusiones. Lecciones de política económica. | ||
| 041 | _aspa | ||
| 942 | _cBK | ||
| 590 | _aniveau_biblio:m niveau_hierar:0 | ||
| 100 | 1 | _aFundación Arcor | |
| 700 | 1 | _aPorto, Guido G. | |
| 856 | 4 | 1 |
_uhttps://www.biblioeco.unsa.edu.ar/pmb/images/libros/L127259.jpg _yImagen de portada _qimage/jpeg |
| 999 |
_c4097 _d4097 |
||